[Event "Open International Graz"]
[Date "2026.02.19"]
[White "Nurman, Alua"]
[Black "Raja Rithvik R"]
[WhiteElo "2363"]
[BlackElo "2535"]
[Round "8.8.5"]
[Result "0-1"]

e4 {[%clk 1:30:59]} c5 {[%clk 1:28:11]} Nf3 {[%clk 1:31:22]} d6 {[%clk 1:28:36]}
d4 {[%clk 1:31:45]} cxd4 {[%clk 1:29:01]} Nxd4 {[%clk 1:32:09]} Nf6 {[%clk
1:29:27]} Nc3 {[%clk 1:32:35]} a6 {[%clk 1:29:52]} f4 {[%clk 1:32:44]} e5 {[%clk
1:29:47]} Nb3 {[%clk 1:33:00]} Be7 {[%clk 1:26:03]} fxe5 {[%clk 1:32:58]} dxe5
{[%clk 1:26:27]} Qxd8+ {[%clk 1:33:20]} Bxd8 {[%clk 1:26:52]} Be3 {[%clk
1:33:27]} b5 {[%clk 1:19:10]} Bd3 {[%clk 1:26:41]} Nbd7 {[%clk 1:15:58]} a4
{[%clk 1:06:09]} b4 {[%clk 1:15:53]} Ne2 {[%clk 1:06:29]} Ng4 {[%clk 0:55:38]}
Bg1 {[%clk 0:56:15]} Bb7 {[%clk 0:55:22]} Ng3 {[%clk 0:52:38]} g6 {[%clk
0:47:45]} a5 {[%clk 0:44:26]} f5 {[%clk 0:40:50]} O-O-O {[%clk 0:23:59]} f4
{[%clk 0:28:02]} Nf1 {[%clk 0:23:52]} Rc8 {[%clk 0:27:40]} h3 {[%clk 0:22:55]}
Ngf6 {[%clk 0:28:04]} Nfd2 {[%clk 0:23:15]} Be7 {[%clk 0:27:07]} Bf2 {[%clk
0:23:17]} g5 {[%clk 0:23:35]} Rhe1 {[%clk 0:20:26]} Kf7 {[%clk 0:18:24]} Bc4+
{[%clk 0:19:02]} Kg7 {[%clk 0:18:40]} Be6 {[%clk 0:16:32]} Rc7 {[%clk 0:16:02]}
Kb1 {[%clk 0:15:13]} Nc5 {[%clk 0:12:59]} Bf5 {[%clk 0:14:47]} Rd8 {[%clk
0:10:29]} Bxc5 {[%clk 0:10:22]} Bxc5 {[%clk 0:10:54]} Nf3 {[%clk 0:10:32]} Rxd1+
{[%clk 0:09:48]} Rxd1 {[%clk 0:11:01]} Nxe4 {[%clk 0:09:38]} Nxe5 {[%clk
0:10:15]} Be3 {[%clk 0:05:29]} Nf3 {[%clk 0:08:24]} h5 {[%clk 0:04:28]} Rd8
{[%clk 0:07:51]} Ng3 {[%clk 0:02:47]} Bd3 {[%clk 0:06:37]} Re7 {[%clk 0:01:50]}
Rd6 {[%clk 0:03:50]} Ne4 {[%clk 0:02:18]} Bxe4 {[%clk 0:04:04]} Bxe4 {[%clk
0:02:44]} Nbd4 {[%clk 0:02:22]} g4 {[%clk 0:01:41]} hxg4 {[%clk 0:02:50]} hxg4
{[%clk 0:02:08]} Ng5 {[%clk 0:02:16]} Bxd4 {[%clk 0:01:29]} Rxd4 {[%clk
0:02:45]} Bf5 {[%clk 0:01:26]} Rxf4 {[%clk 0:00:34]} b3 {[%clk 0:00:51]}

[Variant "Standard"]
[Site "Europe Echecs"]

[Event "Open International Graz"]
[Date "2026.02.19"]
[White "Klimkowski, Jan"]
[Black "Martins, Bruno Andre Leite"]
[WhiteElo "2532"]
[BlackElo "2376"]
[Round "8.8.6"]
[Result "0-1"]

c4 {[%clk 1:30:57]} e5 {[%clk 1:28:18]} g3 {[%clk 1:31:11]} c6 {[%clk 1:27:40]}
Nf3 {[%clk 1:31:05]} d6 {[%clk 1:27:27]} Bg2 {[%clk 1:28:43]} f5 {[%clk
1:27:41]} O-O {[%clk 1:28:10]} Nf6 {[%clk 1:27:04]} Nc3 {[%clk 1:26:25]} Be7
{[%clk 1:27:18]} d3 {[%clk 1:24:51]} O-O {[%clk 1:27:25]} b4 {[%clk 1:22:14]}
Be6 {[%clk 1:02:20]} b5 {[%clk 1:18:25]} h6 {[%clk 0:59:25]} bxc6 {[%clk
1:14:34]} bxc6 {[%clk 0:54:34]} Ba3 {[%clk 1:01:23]} Qa5 {[%clk 0:39:46]} Qa4
{[%clk 0:49:26]} Qxa4 {[%clk 0:39:05]} Nxa4 {[%clk 0:49:51]} Nfd7 {[%clk
0:34:47]} Rab1 {[%clk 0:48:06]} Nb6 {[%clk 0:33:06]} Nc3 {[%clk 0:48:26]} N8d7
{[%clk 0:31:20]} Nh4 {[%clk 0:37:36]} Rfc8 {[%clk 0:30:55]} Bh3 {[%clk 0:33:49]}
Bxh4 {[%clk 0:29:56]} gxh4 {[%clk 0:34:16]} d5 {[%clk 0:27:28]} cxd5 {[%clk
0:26:56]} cxd5 {[%clk 0:20:49]} Rbc1 {[%clk 0:26:22]} d4 {[%clk 0:19:25]} Nb5
{[%clk 0:26:09]} Nd5 {[%clk 0:18:44]} Bg2 {[%clk 0:17:32]} Rab8 {[%clk 0:13:25]}
Bxd5 {[%clk 0:11:09]} Bxd5 {[%clk 0:13:45]} Nd6 {[%clk 0:11:33]} Rxc1 {[%clk
0:13:41]} Rxc1 {[%clk 0:12:00]} Bxa2 {[%clk 0:07:58]} Rc7 {[%clk 0:09:57]} Be6
{[%clk 0:05:33]} f3 {[%clk 0:08:17]} a5 {[%clk 0:01:50]} Ra7 {[%clk 0:08:43]}
Rb1+ {[%clk 0:01:32]} Kf2 {[%clk 0:09:09]} f4 {[%clk 0:01:45]} Kg2 {[%clk
0:03:03]} Re1 {[%clk 0:02:13]} Kf2 {[%clk 0:03:30]} Ra1 {[%clk 0:02:33]} Bb4
{[%clk 0:03:59]} Bh3 {[%clk 0:01:43]} Be1 {[%clk 0:04:28]} a4 {[%clk 0:01:49]}
Ra8+ {[%clk 0:04:05]} Kh7 {[%clk 0:02:08]} h5 {[%clk 0:04:34]} g6 {[%clk
0:01:40]} Nc4 {[%clk 0:03:26]} gxh5 {[%clk 0:01:42]} Ra7 {[%clk 0:00:52]} Kg8
{[%clk 0:02:04]} Na5 {[%clk 0:00:58]} Be6 {[%clk 0:01:51]} Ra6 {[%clk 0:00:46]}
Kf7 {[%clk 0:01:51]} Nb7 {[%clk 0:01:16]} Bh3 {[%clk 0:01:57]} Nd6+ {[%clk
0:01:04]} Ke7 {[%clk 0:01:21]} Nc4 {[%clk 0:00:47]} Kd8 {[%clk 0:09:45]} Ra7
{[%clk 0:12:38]} h4 {[%clk 0:08:48]} Na5 {[%clk 0:10:58]} Kc8 {[%clk 0:04:09]}
Nc6 {[%clk 0:11:13]} a3 {[%clk 0:01:57]} Ra5 {[%clk 0:04:03]} Nf6 {[%clk
0:00:52]} Ra7 {[%clk 0:00:32]} Nh5 {[%clk 0:01:03]} Re7 {[%clk 0:00:59]} Bd7
{[%clk 0:01:00]} Nb4 {[%clk 0:01:18]} Ng3 {[%clk 0:00:59]} Nc2 {[%clk 0:01:16]}
Rc1 {[%clk 0:01:18]}

[Variant "Standard"]
[Site "Europe Echecs"]

[Event "Open International Graz"]
[Date "2026.02.19"]
[White "Pranav Anand"]
[Black "Ambartsumian, Tyhran"]
[WhiteElo "2606"]
[BlackElo "2364"]
[Round "8.8.7"]
[Result "1-0"]

e4 {[%clk 1:30:56]} e5 {[%clk 1:30:27]} Nf3 {[%clk 1:31:18]} Nc6 {[%clk
1:30:48]} Bc4 {[%clk 1:31:42]} Nf6 {[%clk 1:31:13]} d3 {[%clk 1:32:07]} Be7
{[%clk 1:31:38]} O-O {[%clk 1:32:25]} O-O {[%clk 1:32:03]} Bb3 {[%clk 1:32:51]}
d6 {[%clk 1:14:19]} c3 {[%clk 1:33:01]} Na5 {[%clk 1:02:39]} Ba4 {[%clk
1:32:21]} c5 {[%clk 1:01:34]} b4 {[%clk 1:31:25]} cxb4 {[%clk 0:54:10]} cxb4
{[%clk 1:29:46]} Nc6 {[%clk 0:54:35]} b5 {[%clk 1:30:12]} Nb8 {[%clk 0:47:09]}
Re1 {[%clk 1:15:55]} a6 {[%clk 0:28:15]} Nc3 {[%clk 1:13:01]} axb5 {[%clk
0:27:27]} Bxb5 {[%clk 1:12:52]} Nc6 {[%clk 0:27:49]} h3 {[%clk 1:08:04]} Be6
{[%clk 0:20:58]} Bd2 {[%clk 0:57:30]} Ra3 {[%clk 0:16:06]} Qc1 {[%clk 0:53:04]}
Qa8 {[%clk 0:15:17]} Qb2 {[%clk 0:53:28]} d5 {[%clk 0:12:37]} Bxc6 {[%clk
0:48:03]} bxc6 {[%clk 0:13:05]} Nxe5 {[%clk 0:48:14]} dxe4 {[%clk 0:10:28]} dxe4
{[%clk 0:47:40]} Nd7 {[%clk 0:09:51]} Nxd7 {[%clk 0:44:11]} Bxd7 {[%clk
0:10:18]} Qc2 {[%clk 0:43:17]} Qa6 {[%clk 0:03:45]} Bc1 {[%clk 0:34:20]} Ra5
{[%clk 0:04:14]} a4 {[%clk 0:34:44]} Ra8 {[%clk 0:04:39]} Bd2 {[%clk 0:27:13]}
Be6 {[%clk 0:05:03]} Rab1 {[%clk 0:25:40]} h6 {[%clk 0:04:39]} Re3 {[%clk
0:21:32]} Qc4 {[%clk 0:04:28]} Qc1 {[%clk 0:21:32]} Bf6 {[%clk 0:03:45]} Rf3
{[%clk 0:20:27]} Bd4 {[%clk 0:02:47]} Qe1 {[%clk 0:19:08]} Qa6 {[%clk 0:00:53]}
Ne2 {[%clk 0:16:21]} Rxa4 {[%clk 0:01:10]} Nxd4 {[%clk 0:16:46]} Rxd4 {[%clk
0:01:37]} Bc3 {[%clk 0:17:12]} Rd7 {[%clk 0:00:45]} Rg3 {[%clk 0:17:17]} g6
{[%clk 0:01:14]} Qe3 {[%clk 0:17:06]} Kh7 {[%clk 0:01:43]} Qf4 {[%clk 0:17:23]}
Qc8 {[%clk 0:01:47]} Qf6 {[%clk 0:17:14]} Qf8 {[%clk 0:01:50]} Be5 {[%clk
0:10:26]} Re8 {[%clk 0:01:34]} Kh2 {[%clk 0:07:24]} Ba2 {[%clk 0:00:33]} Rb2
{[%clk 0:05:13]} Ra7 {[%clk 0:05:53]} f4 {[%clk 0:18:53]} Bc4 {[%clk 0:01:01]}
h4 {[%clk 0:16:18]} h5 {[%clk 0:00:36]} f5 {[%clk 0:13:49]} Qg8 {[%clk 0:01:05]}
Rd2 {[%clk 0:12:14]} Rae7 {[%clk 0:01:14]} Rd6 {[%clk 0:12:06]} Rxe5 {[%clk
0:00:44]} fxg6+ {[%clk 0:12:32]} fxg6 {[%clk 0:01:11]} Rxg6 {[%clk 0:12:54]}

[Variant "Standard"]
[Site "Europe Echecs"]

[Event "Open International Graz"]
[Date "2026.02.19"]
[White "Socko, Bartosz"]
[Black "Stickler, Florentin"]
[WhiteElo "2580"]
[BlackElo "2346"]
[Round "8.8.8"]
[Result "1-0"]

d4 {[%clk 1:30:57]} Nf6 {[%clk 1:30:55]} Nf3 {[%clk 1:31:21]} e6 {[%clk
1:31:19]} e3 {[%clk 1:31:46]} d5 {[%clk 1:31:32]} Bd3 {[%clk 1:32:06]} Bd6
{[%clk 1:31:29]} O-O {[%clk 1:32:27]} O-O {[%clk 1:31:07]} Nbd2 {[%clk 1:32:54]}
c5 {[%clk 1:30:06]} dxc5 {[%clk 1:33:10]} Bxc5 {[%clk 1:30:29]} a3 {[%clk
1:33:30]} Nc6 {[%clk 1:25:08]} b4 {[%clk 1:31:42]} Bd6 {[%clk 1:25:00]} Bb2
{[%clk 1:31:46]} a6 {[%clk 1:21:28]} c4 {[%clk 1:30:55]} dxc4 {[%clk 1:17:45]}
Nxc4 {[%clk 1:31:03]} Bc7 {[%clk 1:17:32]} Qc2 {[%clk 1:27:49]} h6 {[%clk
1:14:58]} Rfd1 {[%clk 1:25:36]} Qe7 {[%clk 1:14:34]} Nce5 {[%clk 1:24:06]} Bd7
{[%clk 0:59:06]} Nxd7 {[%clk 1:11:24]} Nxd7 {[%clk 0:59:33]} Bh7+ {[%clk
1:11:43]} Kh8 {[%clk 0:59:58]} Be4 {[%clk 1:12:02]} Nde5 {[%clk 0:43:00]} Nxe5
{[%clk 1:06:08]} Bxe5 {[%clk 0:42:14]} Bxc6 {[%clk 1:05:14]} Bxb2 {[%clk
0:42:39]} Bxb7 {[%clk 1:04:46]} Bxa1 {[%clk 0:38:15]} Bxa8 {[%clk 1:05:09]} Rxa8
{[%clk 0:35:28]} Rxa1 {[%clk 1:02:34]} Qb7 {[%clk 0:34:28]} Qd3 {[%clk 0:59:44]}
Qb6 {[%clk 0:31:25]} h3 {[%clk 0:57:10]} Kg8 {[%clk 0:31:03]} Rb1 {[%clk
0:55:21]} Rd8 {[%clk 0:30:08]} Qc4 {[%clk 0:54:33]} Rd5 {[%clk 0:18:38]} Rc1
{[%clk 0:50:29]} a5 {[%clk 0:16:36]} Qc8+ {[%clk 0:49:35]} Kh7 {[%clk 0:15:45]}
Qc7 {[%clk 0:47:57]} Qxc7 {[%clk 0:13:41]} Rxc7 {[%clk 0:47:57]} axb4 {[%clk
0:13:57]} axb4 {[%clk 0:48:19]} Rb5 {[%clk 0:13:27]} Rc4 {[%clk 0:48:09]} Kg6
{[%clk 0:12:27]} Kf1 {[%clk 0:48:11]} Kf6 {[%clk 0:11:23]} Ke2 {[%clk 0:48:36]}
Ke5 {[%clk 0:10:52]} Kd3 {[%clk 0:48:46]} Kd6 {[%clk 0:09:04]} Kc3 {[%clk
0:48:48]} e5 {[%clk 0:07:37]} Kb3 {[%clk 0:48:58]} Rd5 {[%clk 0:07:27]} Rc2
{[%clk 0:48:49]} Rd1 {[%clk 0:06:39]} b5 {[%clk 0:48:34]} f5 {[%clk 0:05:36]}
Kb4 {[%clk 0:48:12]} g5 {[%clk 0:13:00]} b6 {[%clk 1:01:57]} h5 {[%clk 0:12:56]}
Kb5 {[%clk 1:02:04]} e4 {[%clk 0:11:09]} b7 {[%clk 1:02:04]} Rb1+ {[%clk
0:11:07]} Ka6 {[%clk 1:02:28]} g4 {[%clk 0:10:37]} Ka7 {[%clk 1:01:19]} Ra1+
{[%clk 0:11:01]} Kb8 {[%clk 1:01:44]} h4 {[%clk 0:10:56]} Kc8 {[%clk 1:01:51]}
Rb1 {[%clk 0:11:10]} b8=Q+ {[%clk 1:01:51]} Rxb8+ {[%clk 0:11:25]} Kxb8 {[%clk
1:02:15]} f4 {[%clk 0:10:52]} hxg4 {[%clk 1:02:12]} f3 {[%clk 0:11:18]} gxf3
{[%clk 1:02:35]} exf3 {[%clk 0:11:44]} Rc1 {[%clk 1:02:52]} Ke5 {[%clk 0:12:08]}
Rh1 {[%clk 1:03:16]} Kd5 {[%clk 0:12:06]}

[Variant "Standard"]
[Site "Europe Echecs"]

[Event "Open International Graz"]
[Date "2026.02.19"]
[White "Chasin, Nico"]
[Black "Moksh Amit Doshi"]
[WhiteElo "2523"]
[BlackElo "2354"]
[Round "8.8.9"]
[Result "1-0"]

c4 {[%clk 1:25:25]} Nf6 {[%clk 1:29:58]} g3 {[%clk 1:25:00]} e6 {[%clk 1:30:21]}
Bg2 {[%clk 1:24:46]} d5 {[%clk 1:30:43]} d4 {[%clk 1:25:07]} Be7 {[%clk
1:31:05]} Nf3 {[%clk 1:25:11]} O-O {[%clk 1:31:25]} O-O {[%clk 1:25:27]} dxc4
{[%clk 1:31:49]} Qc2 {[%clk 1:25:37]} a6 {[%clk 1:31:59]} a4 {[%clk 1:25:08]}
Bd7 {[%clk 1:32:21]} Rd1 {[%clk 1:24:29]} Bc6 {[%clk 1:29:42]} Bg5 {[%clk
1:21:54]} h6 {[%clk 1:23:50]} Bxf6 {[%clk 1:21:26]} Bxf6 {[%clk 1:24:08]} Qxc4
{[%clk 1:21:08]} a5 {[%clk 1:22:39]} Nc3 {[%clk 1:17:34]} Na6 {[%clk 1:20:35]}
e4 {[%clk 1:16:19]} Nb4 {[%clk 1:17:16]} Rac1 {[%clk 1:12:51]} Rc8 {[%clk
1:14:07]} d5 {[%clk 1:08:48]} exd5 {[%clk 1:11:34]} exd5 {[%clk 1:09:16]} Bd7
{[%clk 1:11:41]} Nd4 {[%clk 1:07:39]} Re8 {[%clk 1:04:08]} b3 {[%clk 1:04:39]}
Qe7 {[%clk 0:57:15]} Ne4 {[%clk 1:01:05]} Bxd4 {[%clk 0:45:38]} Qxd4 {[%clk
1:00:57]} Bf5 {[%clk 0:40:37]} d6 {[%clk 0:57:33]} cxd6 {[%clk 0:37:29]} Rxc8
{[%clk 0:52:24]} Bxc8 {[%clk 0:37:54]} Nxd6 {[%clk 0:52:26]} Rf8 {[%clk
0:38:09]} Qe4 {[%clk 0:37:07]} Qxe4 {[%clk 0:36:15]} Bxe4 {[%clk 0:36:17]} Be6
{[%clk 0:32:41]} Nxb7 {[%clk 0:35:12]} Bxb3 {[%clk 0:29:40]} Rd4 {[%clk
0:33:36]} Nc2 {[%clk 0:24:38]} Rd2 {[%clk 0:32:32]} Rc8 {[%clk 0:15:07]} Nc5
{[%clk 0:25:25]} Na1 {[%clk 0:13:54]} Bf5 {[%clk 0:19:34]} Re8 {[%clk 0:13:28]}
Nxb3 {[%clk 0:17:59]} Nxb3 {[%clk 0:13:53]} Rd5 {[%clk 0:18:21]} Rb8 {[%clk
0:08:58]} Bc2 {[%clk 0:12:20]} g5 {[%clk 0:08:57]} f3 {[%clk 0:07:26]} Rb4
{[%clk 0:08:39]} Kf2 {[%clk 0:07:25]} Nd4 {[%clk 0:07:21]} Bd1 {[%clk 0:07:05]}
Rb2+ {[%clk 0:04:35]} Ke3 {[%clk 0:07:20]} Nc2+ {[%clk 0:04:44]} Ke4 {[%clk
0:06:08]} Na3 {[%clk 0:02:47]} Rxa5 {[%clk 0:05:37]} Nb1 {[%clk 0:01:22]} Rc5
{[%clk 0:04:44]} Rxh2 {[%clk 0:13:04]} Kf5 {[%clk 0:13:19]} Kg7 {[%clk 0:10:48]}
Bb3 {[%clk 0:12:27]} Nd2 {[%clk 0:10:37]} Rc2 {[%clk 0:11:23]} Re2 {[%clk
0:09:37]} Bc4 {[%clk 0:09:14]} Rf2 {[%clk 0:10:01]} Bd5 {[%clk 0:09:33]} h5
{[%clk 0:09:11]} a5 {[%clk 0:09:18]} h4 {[%clk 0:09:30]} gxh4 {[%clk 0:09:43]}
gxh4 {[%clk 0:09:56]} a6 {[%clk 0:10:01]} h3 {[%clk 0:10:03]} a7 {[%clk
0:10:12]} h2 {[%clk 0:10:27]} f4 {[%clk 0:10:41]} Nf3 {[%clk 0:10:21]} Bxf3
{[%clk 0:11:04]} Rxf3 {[%clk 0:10:43]} Rg2+ {[%clk 0:11:32]}

[Variant "Standard"]
[Site "Europe Echecs"]

[Event "Open International Graz"]
[Date "2026.02.19"]
[White "Noy, Eyal"]
[Black "Marn, Jan"]
[WhiteElo "2261"]
[BlackElo "2386"]
[Round "8.8.10"]
[Result "1-0"]

c4 {[%clk 1:25:23]} e6 {[%clk 1:30:48]} g3 {[%clk 1:25:38]} d5 {[%clk 1:31:12]}
Bg2 {[%clk 1:25:56]} Nf6 {[%clk 1:31:12]} Nf3 {[%clk 1:26:12]} Be7 {[%clk
1:30:38]} O-O {[%clk 1:26:16]} O-O {[%clk 1:31:04]} d4 {[%clk 1:26:33]} a5
{[%clk 1:31:24]} Qc2 {[%clk 1:24:11]} a4 {[%clk 1:30:56]} Ne5 {[%clk 1:21:43]}
Nbd7 {[%clk 1:21:40]} Nc3 {[%clk 1:07:29]} a3 {[%clk 1:08:23]} b3 {[%clk
1:03:59]} c6 {[%clk 1:04:01]} Nxd7 {[%clk 0:41:28]} Bxd7 {[%clk 1:02:27]} e4
{[%clk 0:35:26]} c5 {[%clk 0:50:37]} dxc5 {[%clk 0:26:49]} d4 {[%clk 0:49:10]}
e5 {[%clk 0:22:56]} dxc3 {[%clk 0:47:56]} exf6 {[%clk 0:23:20]} Bxf6 {[%clk
0:48:22]} Bxb7 {[%clk 0:23:32]} Qc7 {[%clk 0:46:59]} Bxa8 {[%clk 0:20:57]} Rxa8
{[%clk 0:47:23]} Be3 {[%clk 0:21:20]} Bc6 {[%clk 0:45:41]} b4 {[%clk 0:18:32]}
Qe5 {[%clk 0:44:47]} Qe2 {[%clk 0:16:37]} Be4 {[%clk 0:32:31]} Bf4 {[%clk
0:11:16]} Qf5 {[%clk 0:32:55]} Rad1 {[%clk 0:10:07]} c2 {[%clk 0:30:09]} Rd6
{[%clk 0:07:27]} Rc8 {[%clk 0:12:32]} Re1 {[%clk 0:04:07]} g5 {[%clk 0:09:29]}
Qxe4 {[%clk 0:02:21]} Qxe4 {[%clk 0:09:53]} Rxe4 {[%clk 0:02:49]} gxf4 {[%clk
0:10:17]} Re1 {[%clk 0:03:16]} Bb2 {[%clk 0:09:43]} c6 {[%clk 0:03:32]} Be5
{[%clk 0:08:59]} Rd2 {[%clk 0:00:33]} Bc3 {[%clk 0:09:05]} Rxc2 {[%clk 0:00:33]}
Bxe1 {[%clk 0:09:25]} b5 {[%clk 0:00:58]} fxg3 {[%clk 0:08:35]} hxg3 {[%clk
0:00:47]} Ba5 {[%clk 0:04:00]} c5 {[%clk 0:01:13]} Kg7 {[%clk 0:03:59]} Rc4
{[%clk 0:01:40]} Kf6 {[%clk 0:02:48]} Ra4 {[%clk 0:02:05]} Bc3 {[%clk 0:01:34]}
f4 {[%clk 0:02:10]} Kf5 {[%clk 0:00:43]} b6 {[%clk 0:01:53]} Kg4 {[%clk
0:00:34]} c7 {[%clk 0:01:21]}

[Variant "Standard"]
[Site "Europe Echecs"]

[Event "Open International Graz"]
[Date "2026.02.19"]
[White "Perossa, Nicolas"]
[Black "Durak, Can"]
[WhiteElo "2309"]
[BlackElo "2416"]
[Round "8.8.11"]
[Result "1/2-1/2"]

e4 {[%clk 1:24:28]} e5 {[%clk 1:30:57]} Nf3 {[%clk 1:24:54]} Nc6 {[%clk
1:31:19]} Bb5 {[%clk 1:25:20]} Nf6 {[%clk 1:30:03]} O-O {[%clk 1:24:39]} Nxe4
{[%clk 1:30:18]} Re1 {[%clk 1:24:53]} Nd6 {[%clk 1:30:30]} Nxe5 {[%clk 1:25:13]}
Be7 {[%clk 1:30:45]} Bf1 {[%clk 1:24:49]} Nxe5 {[%clk 1:30:53]} Rxe5 {[%clk
1:25:13]} O-O {[%clk 1:31:12]} Nc3 {[%clk 1:11:10]} Bf6 {[%clk 1:29:19]} Re1
{[%clk 1:11:34]} Re8 {[%clk 1:29:36]} Nd5 {[%clk 1:08:06]} Bg5 {[%clk 1:28:59]}
d4 {[%clk 1:07:31]} Bxc1 {[%clk 1:28:38]} Qxc1 {[%clk 1:03:25]} b6 {[%clk
1:23:07]} Qf4 {[%clk 1:02:33]} Bb7 {[%clk 1:21:22]} Nc3 {[%clk 1:01:14]} Rxe1
{[%clk 1:19:28]} Rxe1 {[%clk 1:01:38]} Qf8 {[%clk 1:19:40]} Re3 {[%clk 0:50:29]}
Re8 {[%clk 1:19:24]} Nb5 {[%clk 0:42:39]} Nxb5 {[%clk 1:18:42]} Bxb5 {[%clk
0:43:04]} Rxe3 {[%clk 1:18:57]} Qxe3 {[%clk 0:43:26]} Qd8 {[%clk 1:18:18]} h4
{[%clk 0:41:42]} a5 {[%clk 1:17:30]} Bc4 {[%clk 0:39:52]} d6 {[%clk 1:17:46]} h5
{[%clk 0:36:01]} h6 {[%clk 1:17:15]} f3 {[%clk 0:29:24]} Kf8 {[%clk 1:17:24]}
Bd3 {[%clk 0:28:58]} Qh4 {[%clk 1:15:48]} Bf5 {[%clk 0:20:27]} Qd8 {[%clk
1:16:09]} Bd3 {[%clk 0:20:49]} Qh4 {[%clk 1:16:34]} Bf5 {[%clk 0:21:15]} Qd8
{[%clk 1:16:59]}

[Variant "Standard"]
[Site "Europe Echecs"]

[Event "Open International Graz"]
[Date "2026.02.19"]
[White "Deuer, Marius"]
[Black "Schneider, Jana"]
[WhiteElo "2502"]
[BlackElo "2291"]
[Round "8.8.12"]
[Result "1/2-1/2"]

d4 {[%clk 1:30:57]} d5 c4 {[%clk 1:31:16]} e6 {[%clk 1:31:11]} Nc3 {[%clk
1:31:39]} Nf6 {[%clk 1:31:33]} cxd5 {[%clk 1:32:02]} exd5 {[%clk 1:31:57]} Bg5
{[%clk 1:32:27]} Be7 {[%clk 1:32:14]} e3 {[%clk 1:32:49]} O-O {[%clk 1:32:36]}
Bd3 {[%clk 1:32:59]} h6 {[%clk 1:32:52]} Bh4 {[%clk 1:32:16]} Re8 {[%clk
1:32:48]} Nge2 {[%clk 1:32:05]} Nbd7 {[%clk 1:32:42]} Qc2 {[%clk 1:31:30]} c6
{[%clk 1:33:01]} O-O {[%clk 1:31:52]} Nh5 {[%clk 1:32:48]} Bxe7 {[%clk 1:32:05]}
Qxe7 {[%clk 1:33:11]} Rae1 {[%clk 1:32:31]} Nf8 {[%clk 1:33:03]} Nc1 {[%clk
1:32:26]} Nf6 {[%clk 1:33:06]} Nb3 {[%clk 1:25:21]} Ne6 {[%clk 1:27:53]} f3
{[%clk 1:21:01]} a5 {[%clk 1:28:05]} a3 {[%clk 1:11:42]} b6 {[%clk 1:25:00]} Qf2
{[%clk 1:02:39]} c5 {[%clk 1:16:10]} Nc1 {[%clk 1:01:34]} Bb7 {[%clk 1:08:03]}
N1e2 {[%clk 0:59:33]} Qc7 {[%clk 1:05:13]} Rc1 {[%clk 0:45:38]} Qe7 {[%clk
0:56:25]} Rfe1 {[%clk 0:43:37]} Ba6 {[%clk 0:54:52]} Bb1 {[%clk 0:37:47]} Rac8
{[%clk 0:50:24]} Ng3 {[%clk 0:34:42]} g6 {[%clk 0:49:15]} Qd2 {[%clk 0:32:38]}
Kg7 {[%clk 0:46:50]} f4 {[%clk 0:30:35]} Qd6 {[%clk 0:42:55]} f5 {[%clk
0:25:48]} cxd4 {[%clk 0:39:57]} fxg6 {[%clk 0:17:59]} fxg6 {[%clk 0:37:35]} exd4
{[%clk 0:18:11]} Qf4 {[%clk 0:33:47]} Qxf4 {[%clk 0:14:02]} Nxf4 {[%clk
0:34:14]} Rxe8 {[%clk 0:14:20]} Rxe8 {[%clk 0:30:31]} h3 {[%clk 0:10:46]} h5
{[%clk 0:28:57]} Kf2 {[%clk 0:07:25]} Bc4 {[%clk 0:19:13]}

[Variant "Standard"]
[Site "Europe Echecs"]

[Event "Open International Graz"]
[Date "2026.02.19"]
[White "Oktem, Ege Tuna"]
[Black "Hamitevici, Vladimir"]
[WhiteElo "2356"]
[BlackElo "2433"]
[Round "8.8.13"]
[Result "1/2-1/2"]

e4 {[%clk 1:30:58]} c6 {[%clk 1:27:08]} c4 {[%clk 1:31:23]} d5 {[%clk 1:25:45]}
exd5 {[%clk 1:31:48]} cxd5 {[%clk 1:26:11]} cxd5 {[%clk 1:32:12]} Nf6 {[%clk
1:26:33]} Nc3 {[%clk 1:32:36]} Nxd5 {[%clk 1:26:58]} Nf3 {[%clk 1:33:00]} e6
{[%clk 1:24:45]} d4 {[%clk 1:33:25]} Nxc3 {[%clk 1:19:53]} bxc3 {[%clk 1:33:51]}
Qc7 {[%clk 1:20:19]} Bd2 {[%clk 1:33:43]} Nd7 {[%clk 1:20:38]} Bd3 {[%clk
1:33:27]} b6 {[%clk 1:20:46]} O-O {[%clk 1:22:07]} Bb7 {[%clk 1:20:56]} Re1
{[%clk 1:09:05]} Bd6 {[%clk 1:20:17]} h3 {[%clk 1:08:57]} O-O {[%clk 1:18:46]}
Ng5 {[%clk 1:03:29]} Nf6 {[%clk 1:11:11]} Qc2 {[%clk 1:03:35]} h6 {[%clk
1:09:27]} Nh7 {[%clk 1:03:21]} Nxh7 {[%clk 1:09:44]} Bxh7+ {[%clk 1:03:49]} Kh8
{[%clk 1:10:07]} Be4 {[%clk 1:03:41]} Rfe8 {[%clk 1:02:24]} Rad1 {[%clk
0:50:36]} Rac8 {[%clk 1:01:20]} Qc1 {[%clk 0:50:15]} Bxe4 {[%clk 0:55:56]} Rxe4
{[%clk 0:50:43]} Bf8 {[%clk 0:55:16]} Rde1 {[%clk 0:47:26]} Red8 {[%clk
0:52:43]} Re5 {[%clk 0:44:34]} Qc4 {[%clk 0:52:26]} Qb1 {[%clk 0:44:27]} Rd5
{[%clk 0:49:54]} Rxd5 {[%clk 0:38:06]} Qxd5 {[%clk 0:49:02]} a4 {[%clk 0:38:08]}
Kg8 {[%clk 0:45:16]} Re5 {[%clk 0:36:42]} Qc4 {[%clk 0:45:06]} Qb5 {[%clk
0:27:42]} Bd6 {[%clk 0:19:06]} Re1 {[%clk 0:27:25]} Kf8 {[%clk 0:09:22]} Qd7
{[%clk 0:20:54]} Qc7 {[%clk 0:09:03]} Qb5 {[%clk 0:20:07]} Bh2+ {[%clk 0:06:24]}
Kf1 {[%clk 0:20:03]} Bf4 {[%clk 0:06:17]} Bxf4 {[%clk 0:16:13]} Qxf4 {[%clk
0:06:44]} a5 {[%clk 0:14:49]} bxa5 {[%clk 0:05:54]} Qxa5 {[%clk 0:15:16]} Qh2
{[%clk 0:05:41]} f3 {[%clk 0:12:28]} Kg8 {[%clk 0:02:58]} Qxa7 {[%clk 0:08:38]}
Rxc3 {[%clk 0:03:07]} Qa8+ {[%clk 0:09:05]} Kh7 {[%clk 0:03:29]} Qe4+ {[%clk
0:09:33]} g6 {[%clk 0:03:12]} Qe5 {[%clk 0:08:40]} Qxe5 {[%clk 0:01:03]} dxe5
{[%clk 0:09:07]} g5 {[%clk 0:01:18]} Kf2 {[%clk 0:07:33]} Rc2+ {[%clk 0:01:40]}
Re2 {[%clk 0:05:34]} Rc3 {[%clk 0:01:07]} Re3 {[%clk 0:04:29]} Rc2+ {[%clk
0:01:32]} Re2 {[%clk 0:04:57]} Rc3 {[%clk 0:01:44]} Re3 {[%clk 0:05:25]} Rc2+
{[%clk 0:02:07]}

[Variant "Standard"]
[Site "Europe Echecs"]